000 01140njm a22002657a 4500
005 2010090102412.0
006 a|||||r|||||00| 0
007 sd ammalaaahaa
008 100901t xxu||||| |||| 00| 0 eng d
028 _aH 11550
_bHindustan Record
035 _aGR-217
040 _aSED
_cSED
100 _aSaigal, K L
_917825
245 _aShmaka jalna hai ya sojeersh parwana hai :
_cby K L Saigal;
_h[sound recording]
_bgajal /
246 _aश्माका जलना है या सोजीर्श परवाना है / के अल सैगल
_bगजल
260 _aDum Dum, India
_bHindusthan Record
300 _a1 sound disc [Gramophone Recording] :
_banalog, 33 1/3 rpm
_c9.5 in. (MP)
_fGramophone Records
500 _aBrief record
505 _aSide-2 रहमतपे तेरी मेरे गुनाहोंको - गजल (Rehmatpe teri mere gunahoko - gajal ) (K L Saigal)
650 _aClassical music
_xExcerpts
_zIndia
_917826
700 _917827
700 _917828
942 _2ddc
_cGR
999 _c43431
_d43431